000 00961nam a2200241Ia 4500
003 GCL
008 140319s9999 xx 000 0 ara d
020 _a8375758977
040 _aGCL /
_cGCL
082 0 4 _a628.1
_bم هـ
100 1 _aمحمد على على فرج
245 1 0 _aالهندسة الصحية : اعمال تنقية المياه :
_bالترسيب - الترشيح - التطهير الكيماويات /
_cمحمد على على فرج
250 _aالاولى
260 _aالقاهرة :
_bدار الكتاب الحديث ،
_c2000
300 _a134 ص:
_bايض ؛
_c24 سم
490 _aموسوعة الهندسة الصحية
_v2
650 0 4 _aالهندسة الصحية
650 0 4 _aالمياه - الاستخدام العلاجى
650 0 4 _aالمياه - ترشيح
650 0 4 _aتطهير الانهار والبحيرات
650 0 4 _aالمياه - تنقية - ازالة الاملاح
942 _2ddc
_cBK
999 _c6601
_d6601